| Поле | Название | Значение |
| |
Тип записи |
a |
| |
Библиографический уровень |
m |
| 001 |
Контрольный номер |
RU/SLIB/B/208734895 |
| 005 |
Дата корректировки |
20230306153018.6 |
| 010 |
Индекс ISBN |
__ |
| a |
ISBN |
5-222-00979-3 |
| d |
Цена |
108-00 |
| 101 |
Язык документа |
0_ |
| a |
Язык текста |
rus |
| c |
Язык оригинала |
rus |
| 200 |
Заглавие и сведения об ответственности |
1_ |
| a |
Заглавие |
Современная экономика |
| e |
Сведения, относящиеся к заглавию |
лекц. курс : многоуровневое учеб. пособие для студентов вузов |
| f |
Первые сведения об ответственности |
науч. ред. О. Ю. Мамедов |
| b |
Общее обозначение материала |
Текст |
| 205 |
Сведения об издании |
__ |
| a |
Основные сведения об издании |
3-е изд., доп. |
| 210 |
Выходные данные |
1_ |
| a |
Место издания |
Ростов н/Д |
| c |
Издательство |
Феникс |
| d |
Дата издания |
2000 |
| 215 |
Физическое описание |
__ |
| a |
Объем |
544 с. |
| 330 |
Аннотация |
__ |
| a |
Аннотация |
В учебном пособии раскрываются основные понятия макро- и микроэкономики. Анализ рыночной реформы и хода приватизации вынесен в отдельный раздел. Лекционный материал включает обязательные темы нормативного курса. Пособие отражает достижения отечественной и зарубежной экономической мысли, содержит большой иллюстративный материал. |
| 600 |
Персоналии |
_1 |
| a |
Персоналии (Фамилия) |
Смит, А. |
| 600 |
Персоналии |
_1 |
| a |
Персоналии (Фамилия) |
Маркс, К. |
| 600 |
Персоналии |
_1 |
| a |
Персоналии (Фамилия) |
Маршалл, А. |
| 600 |
Персоналии |
_1 |
| a |
Персоналии (Фамилия) |
Кейнс, Д. М. |
| 600 |
Персоналии |
_1 |
| a |
Персоналии (Фамилия) |
Фридмен М. |
| 600 |
Персоналии |
_1 |
| a |
Персоналии (Фамилия) |
Веблен Т. |
| 600 |
Персоналии |
_1 |
| a |
Персоналии (Фамилия) |
Ойкен В. |
| 606 |
Тематические рубрики |
__ |
| a |
Основная рубрика |
Общая экономическая теория |
| a |
Основная рубрика |
Экономика |
| 610 |
Ключевые слова |
0_ |
| a |
Ключевые слова |
ресурсы; производственные затраты; спрос; предложение (экономика); инфляция; потребители; товары; конкуренция (экономика); монополия; деньги; ценообразование; социальное регулирование; доходы; деньги; налоги; налогообложение; издержки; теневая экономика; экономические отношения; мировой рынок; международная торговля; валютная система; валютный курс; реформы; приватизация; аграрная реформа; деньги; экономическая мысль; монеты; акционерные общества; производственные кооперативы; муниципальные предприятия; государственные предприятия; издержки; финансы; менеджмент; экономическая теория; экономический анализ; макроэкономика; микроэкономика; рыночная экономика; предприятия; производство; предпринимательство; мировая экономика; труд; персоналии |
| 686 |
Индексы других классификаций |
__ |
| a |
Классификационный индекс |
65.01я73; ст65я73 |
| 702 |
Вторичная интеллектуальная ответственность |
_1 |
| a |
Фамилия |
Мамедов |
| b |
Имя |
О. Ю. |
| 4 |
Код отношения |
Редактор |
| 4 |
Код отношения |
340 |
| 801 |
Источник записи |
_0 |
| a |
Страна |
RU |
| b |
Организация |
Муниципальное бюджетное учреждение культуры "Централизованная библиотечная система" г. Сургут (Центральная городская библиотека им. А. С. Пушкина) |
| g |
Правила каталогизации |
КиК/Тесленко |
| 801 |
Источник записи |
_1 |
| a |
Страна |
RU |
| b |
Организация |
Муниципальное бюджетное учреждение культуры "Централизованная библиотечная система" г. Сургут (Центральная городская библиотека им. А. С. Пушкина) |
| g |
Правила каталогизации |
КиК/Тесленко |
| 852 |
Данные о местонахождении |
__ |
| j |
Шифр хранения |
65.01я73 |
| c |
Каталожный индекс |
65.01я73 |
| i |
Авторский знак |
С 56 |
| 901 |
Тип документа |
__ |
| t |
Тип документа |
m |
| 903 |
Характеристики (МАРС) |
__ |
| a |
Дата передачи |
20030127 |
| 969 |
Тип издания |
__ |
| a |
Тип издания |
учебное пособие |
| 990 |
Данные о заказе (DOS) |
__ |
| j |
Количество экземпляров (DOS) |
2 |
| t |
N записи в КСУ для И/У (DOS) |
200302 |